000 00539nam a22001697a 4500
005 20250411102439.0
008 250411b |||||||| |||| 00| 0 eng d
020 _a9780800623272
050 _aBR331 .E5 LUT
245 _aMartin Luther's Basic Technological Writings
_cEdited by; Timothy F. Lull, Foreword By; Jaroslav Pelikan
260 _aMinneapolis
_bFortress Press
_c1989
300 _axix. 753p.
_c22 cm
650 _2Theology
700 _aLull Timothy F. (editor)
700 _aPelikan Jaroslav (contributor)
942 _2lcc
_cBK
_n0
999 _c5398
_d5398